Регионална библиотека "Любен Каравелов" - Русе

Храм на Космоса (Запис номер 19165)

MARC детайли
000 -Лидер
Контролно поле с фиксирана дължина 01561nam a2200373 c 4500
003 - Код на организацията, давaща контролен номер
Контролно поле BLK
005 - Дата и час на последна редакция
Контролно поле 20230220130704.0
008 - Елементи от данни с фиксирана дължина
fixed length control field 180413b bul|||||r ||||||| ||bul||
010 ## - Наследен системен номер
LC control number KNG00021262000
020 ## - Международен стандартен номер на книга ISBN
Международен стандартен номер на книга ISBN 954-8126-29-Х
-- издат.: Шамбала
040 ## - Източник на каталожния запис
Идентификатор на билиотеката - собственик на записа BLK
041 ## - Код за език
Код за езика на текст/звукозапис или на отделно заглавие Български
Код за езика КДБФ Български
080 ## - УДК
Текстов определител УДК Религии на хамитските народи
УДК код - определител по УДК 299.3
УДК определител
УДК - код + определител 299.3
080 ## - УДК
Текстов определител УДК Цивилизация. Култура. Прогрес. История на културата вж 930.85
УДК код - определител по УДК 008
УДК определител
УДК - код + определител 008
100 1# - Редна дума - Автор
Автор Нейдлър, Джеръми
Авторска отговорност първи автор
R(LIN) 101438
139 ## - Редно поле
Редна дума Нейдлър, Джеръми
Авторски знак Неи - Н 47
245 10 - Сведения за заглавието
Заглавие Храм на Космоса
Подзаглавни данни Сакралното в Древния Египет
Редно поле (дума) Джеръми Нейдлър; прев. от англ. Светла Христова.
257 ## - Страна на издаване
Страна на създаване/издаване Съединени американски щати
260 ## - Област на издателските данни
-- София
Име на издателя, разпространителя и проч. Шамбала
Година на издаване 1998
Печатница София : Образование и наука
300 ## - Физическа характеристика
Страници 459 с.
Илюстрации и др. с ил.
Размери/Мащаб 22 см
380 ## - Жанр
Жанр Религия. Теология
490 1# - СЕРИИ (Колекции)
Име на серия Древната мъдрост
500 ## - Общи забележки
Забележка Ориг. загл. Temple of the Cosmos / Jeremy Naydler. - 1 000 тир.
650 #4 - Допълнително описание по предмет – тема
Основно описание – тема или топоним Религии - Древен Египет
9 (RLIN) 253930
650 #4 - Допълнително описание по предмет – тема
Основно описание – тема или топоним Древен Египет
9 (RLIN) 242280
653 ## - Ключова дума – ненормативна
Ключова дума Древен Египет
653 ## - Ключова дума – ненормативна
Ключова дума религия
700 1# - Други автори (авторска отговорност)
Лично име Христова, Светла
Автороска отговорност (Описва отношението между автора и произведението) прев. от англ.
9 (RLIN) 364864
852 ## - Местоположение
Форматна сигнатура Цб 195370
856 4# - Електронен адрес и достъп
Електронен формат pdf - файл
Път до файла /url/
856 4# - Електронен адрес и достъп
Електронен формат pdf - файл
Път до файла /url/
942 ## - АРТИКУЛИ
Вид на библиотечния материал Книги
Скрит в OPAC Не
Koha issues (borrowed), all copies 4
944 ## - СЪЗДАВАНЕ И РЕДАКЦИЯ на ЗАПИСА
Създаване/Редакция Създаване
Дата на регистрацията/редакция 15.01.2003
Служител, извършил регистрацията/редакцията Людмила_Стоянова
944 ## - СЪЗДАВАНЕ И РЕДАКЦИЯ на ЗАПИСА
Създаване/Редакция Редакция
Дата на регистрацията/редакция 02.10.2006
Служител, извършил регистрацията/редакцията
999 ## - СИСТЕМНИ КОНТРОЛНИ НОМЕРА
Koha biblionumber 19165
Koha biblioitemnumber 19165
Наличности
Код за отписване Код за изгубен артикул Източник на класификационната схема Код за повреда Коз за рестрикции Код за отдаване Артикулен № Име на библиотеката - собственик Име на библиотеката, в която се намира в момента Статус (Текущо местоположение) Дата на вписване в системата Местоположение - отдел Цена в лева Инвентарен номер Систематично азбучна сигнатура Баркод Номер на екземпляра Цена в евро Служебна бележка Служебен тип на артикула
  Не е изгубен Universal Decimal Classification Не е повреден без рестрикции ползва се в читалня 31957 Регионална библиотека "Любен Каравелов" Русе Регионална библиотека "Любен Каравелов" Русе Хранилище 2001-01-01 Хранилище 10.00 639425 Цб 195370 120000639425 1 5.11 Дост: Dp Вид: Д N: стар фонд Дата: 01.01.1998 Книги
  Не е изгубен Universal Decimal Classification Не е повреден без рестрикции заемане за дома 31958 Регионална библиотека "Любен Каравелов" Русе Регионална библиотека "Любен Каравелов" Русе Заемна - подръчен фонд 2001-01-01 Заемна - подръчен фонд 10.00 637572 П 29/Н 47 120000637572 2 5.11 Дост: Pk Вид: Ф N: стар фонд Дата: 01.01.1998 Дата инв: 02.02.2018 Бележки инв: П2018 Книги
Vip Innovations Ltd, Rousse, Bulgaria 2025